000 00911cam a2200205 4500
001 ##L131783
008 051207n2004 000 0 eng u
020 _a1860817173
035 _a(Sirsi) u131783
041 0 _aeng
050 0 4 _a729.28 $2 18
110 2 _aBRE Environment
_94806
245 0 0 _aLighting
_bgeneral principles
260 _aWatford
_bBRE
_c2004
300 _a8p
_bill, tables
_c30cm
490 0 _aBRE Good Building Guide
_vGBG 61(part 1)
520 _aPart one of this three part guide describes the general principles on the lighting of buildings, and gives an introduction as to what is available. Discusses how the building regulations affect lighting standards, the different types of lamps and luminaires, and the various lighting control systems available.
690 _aBUILT ENVIRONMENT-BUILDING ELEMENTS-COMPLETE BUILDING SERVICES ELEMENTS-COMPLETE LIGHTING SYSTEMS
942 _n0
999 _c104839
_d104839